Guatemala: después de la estabilización qué? /
Salvato in:
| Autore principale: | |
|---|---|
| Ente Autore: | |
| Altri autori: | |
| Natura: | testo |
| Pubblicazione: |
S.D.:
INCAE
|
| Tags: |
Aggiungi Tag
Nessun Tag, puoi essere il primo ad aggiungerne!!
|
MARC
| LEADER | 00000 a a2200000 04500 | ||
|---|---|---|---|
| 001 | 21095 | ||
| 003 | |||
| 040 | |a CRAI/IIS |c CRAI/IIS | ||
| 090 | |a 091300 | ||
| 100 | |a Ramírez, Noel | ||
| 110 | |a INCAE | ||
| 245 | |a Guatemala: después de la estabilización qué? / |c Noel Ramírez | ||
| 260 | |a S.D.: |b INCAE | ||
| 300 | |a 22 p. | ||
| 700 | |a Argüello, Xavier | ||
| 999 | |c 17114 |d 17114 | ||
